[Event "23rd Hoogeveen Open 2019"]
[Site "Hoogeveen"]
[Date "2019.10.21"]
[Round "3.25"]
[White "Sparenberg, Erik"]
[Black "Achuthan, Dylan"]
[Result "1-0"]
[WhiteElo "2142"]
[BlackElo "1865"]
[Annotator "TA"]
[PlyCount "97"]
[EventDate "2019.10.19"]
[EventType "swiss"]
[EventCountry "NED"]
[SourceTitle "playchess.com"]
[Source "ChessBase"]
[SourceQuality "1"]

{[%evp 18,97,23,0,39,8,9,4,38,0,16,0,38,6,33,-3,22,17,10,13,12,8,58,43,56,54,69,68,141,78,155,155,155,141,141,140,175,173,196,140,140,127,136,134,165,158,246,181,329,268,260,242,262,236,229,169,249,197,248,167,165,165,174,136,176,170,146,134,680,666,798,701,989,975,920,903,1118,1114,29986,29987,29996,1283]} 1. Nf3 Nf6 2. g3 g6 3. Bg2 Bg7 4. O-O O-O 5. d4 d6 6. c4 Nbd7 7. Nc3 e5 8. d5 a5 9. e4 Nc5 10. Ne1 Qe7 {E67: King's Indian: Fianchetto: 6...Nbd7} (10... Nfd7 11. Nd3 Nxd3 12. Qxd3 f5 13. exf5 gxf5 14. Be3 b6 15. f3 Nc5 16. Qd2 Bd7 17. g4 Qf6 18. gxf5 Bxf5 19. Ne4 Qg6 20. Nxc5 bxc5 21. f4 Rab8 22. fxe5 Bxe5 23. Bh6 Rxb2 24. Qg5 Qxg5 25. Bxg5 Bd3 {0-1 (25) Arab,A (2479)-Amin,B (2707) Hammamet 2019}) 11. b3 Ne8 $146 ({Predecessor:} 11... Bd7 12. Nd3 Ne8 13. Be3 f5 14. f3 f4 15. Bf2 g5 16. g4 Kf7 17. a3 Rh8 18. Qc2 {½-½ (53) Qabaka,K-Blaauw,C Cape Town 2007}) 12. Nd3 f5 {The position is equal.} 13. f3 b6 14. a3 Nf6 15. Rb1 Nh5 16. Nf2 f4 17. g4 $36 {[%mdl 2048] White is more active.} Nf6 18. Bd2 Ne8 19. b4 axb4 20. axb4 Nb7 21. Qe2 h5 22. gxh5 Qg5 (22... gxh5 $14 23. Kh1 Kh7) 23. Ra1 (23. hxg6 $142 Rf6 24. h3) 23... Rb8 ({Black should play} 23... Rxa1 24. Rxa1 gxh5) 24. hxg6 $16 Rf6 25. h3 Rxg6 {[%csl Gg6][%cal Rg5g2]} 26. Ng4 Nf6 27. Nb5 Nh5 28. Qf2 (28. Be1 $18) 28... Qe7 29. Ra7 Bf6 {intending ...Bh4.} 30. Rfa1 {Ra8 is the strong threat.} Bxg4 31. fxg4 Ng3 (31... Ng7 $16 {might work better.} 32. Bc3 Ne8) 32. Qf3 Kf7 (32... Kh7 $142 33. Nd4 Nd8) 33. Be1 Bh4 34. Ra8 Rgg8 {[#]} 35. Rxb8 $1 Rxb8 36. Ra7 Qd7 (36... Kg6 $142 37. g5 {[%mdl 64] Deflection} Qxg5 38. Nxc7 Nd8) 37. Bf2 $18 Kg6 38. Bf1 Nxf1 39. Kxf1 ({Don't do} 39. Bxh4 $6 Ne3 $14) 39... Bxf2 40. Qxf2 {Black must now prevent Qh4.} Kg5 41. Kg2 Qh7 42. Qf3 Qd7 $2 {[%mdl 8192] [#]} (42... Kg6 $16 43. Kf1 Qh8) 43. h4+ $1 {[%mdl 512]} Kf6 (43... Kxh4 44. Qh3+) 44. Qh3 Qh7 45. g5+ Ke7 46. Qe6+ Kd8 47. Qf6+ Ke8 48. g6 Qh5 49. Qf7+ {[%mdl 64] Double Attack. Accuracy: White = 49%, Black = 29%.} 1-0

[Event "23rd Hoogeveen Open 2019"]
[Site "Hoogeveen"]
[Date "2019.10.21"]
[Round "3.26"]
[White "Stavast, Dick"]
[Black "Van Foreest, Machteld"]
[Result "0-1"]
[WhiteElo "2068"]
[BlackElo "2142"]
[Annotator "TA"]
[PlyCount "48"]
[EventDate "2019.10.19"]
[EventType "swiss"]
[EventCountry "NED"]
[SourceTitle "playchess.com"]
[Source "ChessBase"]
[SourceQuality "1"]

{[%evp 9,48,0,0,0,-6,-6,31,21,18,17,27,16,22,21,23,18,19,0,6,2,0,0,20,-70,15,0,0,-16,-16,-29,-23,-88,-35,-110,-102,-156,-144,-393,-393,-395,-388]} 1. e4 c5 2. Be2 Nc6 3. f4 e6 4. Nf3 Nge7 5. O-O g6 6. d3 {B21: Sicilian: 2 f4 and Morra Gambit} Bg7 7. c3 Qb6 $146 ({Predecessor:} 7... d5 8. Be3 d4 9. Bf2 O-O 10. Qc2 e5 11. fxe5 Nxe5 12. Nxe5 Bxe5 13. Nd2 Nc6 {½-½ (28) Kovalev,V (2636)-Timofeev,A (2549) Sochi 2017}) 8. Qc2 {White is slightly better.} O-O 9. Be3 d5 10. Nbd2 {[%cal Bb1d2,Bd2b3,Bb3c5][%mdl 32]} a5 11. Nb3 d4 12. cxd4 Nxd4 13. Bxd4 (13. Nbxd4 {looks sharper.} cxd4 14. Bd2 Nc6 15. Rfc1 Bd7 16. Qc5) 13... cxd4 14. Qc5 Qxc5 15. Nxc5 Nc6 16. Rac1 ({White should play} 16. e5 $11) 16... f6 (16... Bh6 $15 17. Ng5 e5) 17. Bd1 Bh6 18. g3 e5 19. Bb3+ Kh8 20. Nd2 (20. Nh4 $11) 20... Rb8 (20... Bh3 $17 21. Rf3 Rac8) 21. Ba4 (21. Na6 $15 bxa6 22. Rxc6) 21... Bh3 $17 22. Rf2 {[#]} ({Better is} 22. Bxc6 bxc6 23. b3) 22... Rfc8 $1 23. Bb5 $2 (23. Nc4 $17 b5 24. Bxb5 {[%mdl 64] Decoy} Rxb5 25. Nd6) 23... Na7 $19 24. Ba4 {Now Nf1 and White clings on.} b6 {Accuracy: White = 32%, Black = 46%.} 0-1

[Event "23rd Hoogeveen Open 2019"]
[Site "Hoogeveen"]
[Date "2019.10.21"]
[Round "3.27"]
[White "Nicolai, Amir"]
[Black "Barthel, Ansgar"]
[Result "1/2-1/2"]
[WhiteElo "2117"]
[BlackElo "2037"]
[Annotator "TA"]
[PlyCount "95"]
[EventDate "2019.10.19"]
[EventType "swiss"]
[EventCountry "NED"]
[SourceTitle "playchess.com"]
[Source "ChessBase"]
[SourceQuality "1"]

{[%evp 9,95,39,51,-1,8,0,2,-35,27,14,7,-63,-19,-39,-26,-26,-18,-24,-24,-22,-27,-27,-28,-32,-23,-22,-20,-63,-32,-37,-56,-67,-60,-54,-5,-22,-22,-22,-19,-30,0,0,0,0,0,0,0,0,0,0,22,21,87,76,125,55,268,259,256,236,268,269,270,224,193,101,66,66,75,89,105,68,80,71,62,32,34,9,9,10,10,10,10,10,10,0,0,0]} 1. e4 Nf6 2. e5 Nd5 3. d4 d6 4. Nf3 dxe5 5. Nxe5 c6 6. Qf3 {B04: Alekhine's Defence: 4 Nf3} (6. Be2 $14) (6. c4 Nb4 7. Be3 Bf5 8. Na3 Nd7 9. g4 Be4 10. f3 Bg6 11. Nxg6 hxg6 12. h4 e5 13. Qd2 Qa5 14. O-O-O Nxa2+ {1-0 (30) Navara,D (2734)-Yuffa,D (2582) Riga 2019}) 6... Be6 $1 $11 7. c3 Nd7 8. Bd3 g6 (8... Nxe5 $15 9. dxe5 g6) 9. Qg3 $146 ({Predecessor:} 9. Nxd7 Qxd7 10. O-O Bg7 11. Re1 O-O 12. Nd2 Rad8 13. Ne4 b6 {0-1 (55) Vokhidov,S (2515)-Isanzhulov,A (2278) Yekaterinburg 2019}) 9... Bg7 10. f4 (10. Nxd7 $11 Qxd7 11. Nd2) 10... Qc7 11. Nd2 Nxe5 12. fxe5 c5 13. a3 cxd4 14. cxd4 O-O 15. O-O f6 {[%cal Rf6e5]} 16. Nf3 fxe5 17. dxe5 Bf5 18. Rd1 {Black must now prevent Bxf5.} Qb6+ 19. Qf2 Qxf2+ 20. Kxf2 Bxd3 21. Rxd3 e6 22. Ke2 Rac8 23. Bd2 Rc2 24. Rb3 $1 Rc7 (24... Nf4+ {is interesting.} 25. Kd1 Rc7 26. Bxf4 Rxf4 27. Rc1 Rd7+) 25. Rc1 {aiming for Rxc7.} Rxc1 (25... Rcf7 {looks sharper.} 26. h3 Rd7 27. Rc4 a6 28. Rc1 Re8) 26. Bxc1 b6 27. Kd3 Rc8 28. Bd2 Kf8 29. Ke4 Ke7 30. Nd4 Kd7 (30... Rf8 $11) 31. Rh3 $16 Rh8 {[#]} 32. Rd3 (32. Bb4 $1 $16) 32... Rf8 $2 {[#]} (32... Rc8 $14) 33. Nxe6 $1 $18 {[%mdl 576] Remove Defender} Kxe6 34. Rxd5 {[%mdl 4096] Endgame KRB-KRB} Rf2 {next ...Re2+ is good for Black.} 35. Rd6+ Kf7 36. Bc3 Ke7 37. Rd2 ({White should play} 37. Kd5 $18) 37... Rxd2 $16 38. Bxd2 {KB-KB} Ke6 39. Bc3 Bh6 40. Bd4 Bg7 41. a4 Bf8 42. a5 bxa5 43. Bxa7 a4 {The position is equal.} 44. Bd4 Bb4 45. Be3 a3 46. bxa3 Bxa3 47. Kf4 Bb2 48. Ke4 {Accuracy: White = 46%, Black = 46%.} 1/2-1/2

[Event "23rd Hoogeveen Open 2019"]
[Site "Hoogeveen"]
[Date "2019.10.21"]
[Round "3.28"]
[White "Shakhverdian, William"]
[Black "Garcia Morales, Ivette Ale"]
[Result "0-1"]
[WhiteElo "2109"]
[BlackElo "2013"]
[Annotator "TA"]
[PlyCount "52"]
[EventDate "2019.10.19"]
[EventType "swiss"]
[EventCountry "NED"]
[SourceTitle "playchess.com"]
[Source "ChessBase"]
[SourceQuality "1"]

{[%evp 21,70,32,25,27,39,27,31,0,25,0,35,33,87,-51,-33,-42,-53,-43,-51,-52,-43,-83,-41,-43,-42,-170,-181,-179,-173,-227,-214,-210,-209,-207,-213,-220,-221,-202,-160,-282,-247,-305,-255,-772,-764,-744,-741,-12826,-12827,-12838,-12836]} 1. d4 Nf6 2. c4 e6 3. Nf3 Bb4+ 4. Nbd2 b6 5. a3 Bxd2+ 6. Qxd2 Bb7 7. e3 d6 8. Be2 a5 9. O-O Nbd7 10. b3 Qe7 11. Bb2 O-O 12. Rfd1 {E14: Queen's Indian: Classical Variation (4 e3)} (12. Qc2 c5 13. Rfd1 Rfd8 14. Qc3 Ne4 15. Qe1 h6 16. Nd2 Nef6 17. Nb1 cxd4 18. exd4 e5 19. Bf1 e4 {1-0 (64) Wojtaszek,R (2742)-Moiseenko,A (2698) Germany 2015}) 12... Ne4 13. Qc2 f5 14. d5 {White is slightly better.} e5 15. Nd2 {[#]} Nef6 $146 (15... Qh4 $5 {[%cal Rh4f2]} 16. g3 Qf6 $14) ({Predecessor:} 15... Nxd2 16. Rxd2 Nc5 17. b4 Nd7 18. Rf1 e4 19. f4 exf3 20. Rxf3 axb4 21. axb4 {1-0 (47) Abbasov,F (2543)-Filippov,A (2604) Nakhchivan 2011}) 16. b4 b5 (16... g6 $14) 17. Nb3 ({Better is} 17. cxb5 $16 axb4 18. Qxc7) 17... axb4 $15 18. axb4 {Threatening Na5.} Rxa1 19. Rxa1 bxc4 20. Bxc4 Nb6 21. Ra7 Bxd5 22. Bd3 Ne8 23. Bxf5 {[#]} (23. b5 $15) 23... Rxf5 $1 $19 {[%mdl 512]} 24. Qxf5 {Nd2 is the strong threat.} Bxb3 $40 {[%mdl 128] Black is out for blood.} 25. f4 (25. Qb1 {keeps fighting.}) 25... exf4 26. Qxf4 {[#]} Bf7 {Played: Nb6-d5} 0-1

[Event "23rd Hoogeveen Open 2019"]
[Site "Hoogeveen"]
[Date "2019.10.21"]
[Round "3.29"]
[White "Otten, Martijn"]
[Black "Ypma, Jord"]
[Result "1/2-1/2"]
[WhiteElo "2101"]
[BlackElo "2013"]
[Annotator "TA"]
[PlyCount "93"]
[EventDate "2019.10.19"]
[EventType "swiss"]
[EventCountry "NED"]
[SourceTitle "playchess.com"]
[Source "ChessBase"]
[SourceQuality "1"]

{[%evp 15,93,27,33,17,34,15,18,27,21,15,28,20,26,17,30,16,22,12,18,23,30,-16,-6,-12,-7,-5,0,-10,0,0,0,0,0,0,2,4,2,0,13,12,20,20,16,12,45,39,37,29,38,31,97,29,90,50,144,128,148,149,214,217,231,-109,-108,-108,-109,-117,0,0,0,0,0,0,0,0,0,0,0,0,0,0]} 1. d4 d5 2. c4 c6 3. Nc3 Nf6 4. e3 e6 5. Nf3 a6 6. b3 Bb4 7. Bd2 Nbd7 $146 ({Predecessor:} 7... O-O 8. Bd3 {½-½ (35) Khismatullin,D (2653)-Kobalia,M (2651) Tromsoe 2013}) 8. Bd3 O-O 9. O-O {D45: Semi-Slav: 5 e3} Bd6 10. Qc2 e5 11. cxd5 cxd5 12. e4 exd4 13. Nxd5 Nxd5 14. exd5 {Black must now prevent Bg5.} Nf6 15. h3 Bd7 16. Rad1 Rc8 17. Qb2 Rc5 18. Bb4 Rxd5 19. Bxd6 Rxd6 20. Nxd4 Re8 21. Bc2 Qb6 22. Nf3 Bb5 23. Rxd6 Qxd6 24. Rd1 Qc5 25. b4 Qc7 26. Nd4 Qe5 27. Qb3 Be2 28. Nxe2 Qxe2 29. Bd3 Qh5 30. b5 axb5 31. Bxb5 Rf8 $1 32. Bd3 $36 {[%mdl 2048] White has good play.} h6 (32... Qa5 $14) 33. Rc1 (33. Re1 $16) 33... Qg5 (33... Qa5 $11 {remains equal.}) 34. Rc7 Nh5 (34... b6 $14) 35. Qb5 Qf4 36. Qc4 Qd2 (36... b6 $16 37. a4 Qd6) 37. Rxb7 $18 Nf4 38. Rxf7 $2 ({White must play} 38. Bf1 $18) 38... Rxf7 $17 39. Qc8+ Rf8 40. Bc4+ Kh7 (40... Nd5 $17 41. Qe6+ Kh8 42. Bxd5 Qxf2+ 43. Kh2 Qf4+ 44. g3 Qd2+ 45. Bg2 Qc2) 41. Qxf8 $11 {The position is equal.} Qc1+ {[%mdl 64] [#] Double Attack} 42. Bf1 {Strongly threatening Qf5+.} Ne2+ $1 43. Kh2 Qxf1 {[%csl Ge2][%cal Rf1g1]} 44. Qf5+ Kg8 {[%csl Ge2][%cal Rf1g1]} 45. Qc8+ Kf7 {[%csl Ge2][%cal Rf1g1] [#]} 46. Qf5+ Kg8 {[%csl Ge2][%cal Rf1g1]} 47. Qc8+ {Accuracy: White = 60%, Black = 35%.} 1/2-1/2

[Event "23rd Hoogeveen Open 2019"]
[Site "Hoogeveen"]
[Date "2019.10.21"]
[Round "3.30"]
[White "Takawira, Erick"]
[Black "Van der Hagen, Loek"]
[Result "1-0"]
[WhiteElo "2101"]
[BlackElo "1983"]
[Annotator "TA"]
[PlyCount "61"]
[EventDate "2019.10.19"]
[EventType "swiss"]
[EventCountry "NED"]
[SourceTitle "playchess.com"]
[Source "ChessBase"]
[SourceQuality "1"]

{[%evp 15,61,6,0,0,10,2,13,6,25,7,11,13,17,18,45,39,45,35,35,20,29,-27,-14,-137,-139,-165,-93,-110,-114,-51,12,11,120,125,120,0,0,27,460,222,863,856,844,822,29991,29992,29996,29997]} 1. e4 c5 2. Nf3 d6 3. d3 Nc6 4. g3 Nf6 5. Bg2 g6 6. a4 Bg7 7. O-O O-O 8. Nbd2 Qc7 9. Re1 {A05: Réti Opening: 1 Nf3 Nf6} (9. c3 b6 10. Nc4 Ba6 11. Qe2 Ne5 12. Nfxe5 dxe5 13. Be3 Rad8 14. b4 Ne8 15. a5 Bc8 16. axb6 axb6 17. bxc5 bxc5 {½-½ (57) Seo,J (2364)-Lindborg,P (2195) Malmo 2018}) 9... Rd8 $146 ({Predecessor:} 9... h6 10. Nc4 Nh7 11. Ne3 e6 12. c3 Bd7 13. Nc4 Rad8 14. Bf4 e5 15. Bd2 Ne7 16. Qc1 g5 {½-½ (40) Eilmes,F (1778)-Sand,R (1819) Radebeul 2019}) 10. Nc4 Nd7 11. Ne3 {The position is equal.} Nf6 12. Nh4 e6 13. f4 d5 {White should prevent ...dxe4.} 14. e5 Nd7 15. Nf3 Rb8 16. h4 f6 {[%cal Rf6e5]} 17. Bh3 Re8 {[%cal Rf6e5]} 18. exf6 (18. Ng4 $142) 18... Nxf6 $11 19. Kg2 (19. c3 $11 {remains equal.}) 19... e5 $17 20. f5 e4 (20... d4 $19 21. Nc4 Bxf5 22. Bxf5 gxf5) 21. dxe4 dxe4 22. Ng5 Rd8 (22... Ne5 $1 $15 23. fxg6 Bxh3+ 24. Kxh3 hxg6) 23. Qe2 $1 $11 {[%cal Re2c4] Hoping for Qc4+.} h6 (23... Rf8 $11) 24. Qc4+ $16 {[%mdl 64] [#] Double Attack} Kf8 25. Nxe4 (25. Qxc5+ $16 Ke8 26. Ne6 Bxe6 27. fxe6) 25... Nxe4 $11 26. Qxe4 {Black must now prevent f6!} Bxb2 $2 {[%mdl 8192]} (26... Rd4 $11 {and Black has nothing to worry.} 27. Qf3 Ne5) 27. Nd5 (27. Bxb2 $142 Rd2+ 28. Kf3 Nd4+ 29. Bxd4 Rxd4 30. Nd5 Rxe4 31. Nxc7 gxf5 32. Red1) 27... Qg7 $2 (27... Qf7 28. fxg6 (28. Bxb2 Qxd5 29. Qxd5 Rxd5 $16) (28. Bxh6+ Kg8 $16) 28... Qxd5 29. Rf1+ (29. Bxh6+ Bg7 $17) 29... Kg8 30. Qxd5+ {[%mdl 64] Overworked Piece} Rxd5 31. Bxc8 Rxc8 32. Bxb2 Rd2+ 33. Rf2 Rxf2+ 34. Kxf2 a6) 28. Bxb2 $18 Qxb2 29. fxg6 {[#] Intending Qf4+ and mate.} Bxh3+ 30. Kxh3 Re8 31. Qf5+ {Accuracy: White = 44%, Black = 26%.} 1-0

[Event "23rd Hoogeveen Open 2019"]
[Site "Hoogeveen"]
[Date "2019.10.21"]
[Round "3.31"]
[White "Taams, Sander"]
[Black "Albers, Sasa"]
[Result "0-1"]
[WhiteElo "2094"]
[BlackElo "1975"]
[Annotator "NA RC"]
[PlyCount "80"]
[EventDate "2019.10.19"]
[EventType "swiss"]
[EventCountry "NED"]
[SourceTitle "playchess.com"]
[Source "ChessBase"]
[SourceQuality "1"]
[TimeControl "40/5400+30:1800+30"]

1. e4 {[%emt 0:00:00]} c6 {[%emt 0:00:00]} 2. Qe2 {[%emt 0:01:12]} d5 {[%emt 0:00:00]} 3. d3 {[%emt 0:00:08]} dxe4 {[%emt 0:05:13]} 4. dxe4 {[%emt 0:00:54]} e5 {[%emt 0:00:02]} 5. Nf3 {[%emt 0:10:30]} Nf6 {[%emt 0:01:06]} 6. Nbd2 {[%emt 0:02:17] B10: Caro-Kann: 2 d3 and 2 c4} Nbd7 {[%emt 0:03:10]} 7. b3 $146 {[%emt 0:03:24]} ({Predecessor:} 7. Nc4 Qc7 8. Bd2 Bc5 9. b4 Be7 10. g3 O-O 11. Bg2 {½-½ (36) Bauer,C (2624)-Dragun,K (2580) Maastricht 2015}) 7... Bc5 {[%emt 0:18:43]} 8. h3 {[%emt 0:04:19]} O-O {[%emt 0:02:17]} 9. Bb2 {[%emt 0:00:46]} Re8 {[%emt 0:01:00]} 10. g3 {[%emt 0:01:47]} Qe7 {[%emt 0:06:39]} 11. Bg2 {[%emt 0:01:12]} Ba3 {[%emt 0:01:44]} 12. Bxa3 {[%emt 0:03:15]} Qxa3 {[%emt 0:00:03]} 13. O-O {[%emt 0:01:04]} Nb6 {[%emt 0:02:31]} 14. Rfd1 {[%emt 0:07:38]} Qe7 {[%emt 0:11:58]} 15. a4 {[%emt 0:01:49]} a5 {[%emt 0:00:45]} 16. Qe3 {[%emt 0:02:35]} Qc7 {[%emt 0:03:48]} 17. Nh4 {[%emt 0:03:41]} Be6 {[%emt 0:04:43]} 18. Ndf3 {[%emt 0:03:34]} Nbd7 {[%emt 0:07:03]} 19. g4 {[%emt 0:03:58]} Rad8 {[%emt 0:01:34]} 20. Nf5 {[%emt 0:01:26]} Bxf5 {[%emt 0:00:33]} 21. exf5 {[%emt 0:05:04]} Nd5 {[%emt 0:00:42]} 22. Qe1 {[%emt 0:00:47]} h6 {[%emt 0:08:19]} 23. c3 {[%emt 0:08:18]} N7f6 {[%emt 0:04:08]} 24. b4 {[%emt 0:00:40]} (24. c4 $17 {might work better.} e4 25. Nd4) 24... axb4 {[%emt 0:01:42]} 25. cxb4 {[%emt 0:00:12]} Nf4 {[%emt 0:00:17]} 26. Rxd8 {[%emt 0:03:17]} Qxd8 {[%emt 0:00:01]} 27. a5 {[%emt 0:00:24]} (27. Ra3 $17) 27... N6d5 {[%emt 0:01:51]} 28. Qe4 {[%emt 0:11:48]} Nc3 {[%emt 0:03:01]} 29. Qc4 {[%emt 0:00:47]} e4 {[%emt 0:01:11]} 30. Nh2 $2 {[%emt 0:07:36]} (30. Bf1 Ncd5 31. Nh2) 30... e3 {[%emt 0:06:23]} 31. fxe3 {[%emt 0:00:32]} Nfe2+ {[%emt 0:01:33]} 32. Kh1 {[%emt 0:03:24]} Ng3+ {[%emt 0:00:05]} 33. Kg1 {[%emt 0:00:06]} Rxe3 {[%emt 0:01:29]} 34. Nf1 {[%emt 0:01:18]} Nxf1 $19 {[%emt 0:00:37]} 35. Kxf1 {[%emt 0:03:18]} Qd2 {[%emt 0:01:11]} 36. Kg1 {[%emt 0:02:24]} Re2 {[%emt 0:00:51]} 37. Bxc6 {[%emt 0:01:54]} Qe3+ {[%emt 0:00:19]} 38. Kh1 {[%emt 0:00:08]} Qxh3+ {[%emt 0:00:07]} 39. Kg1 {[%emt 0:00:07]} Qh2+ {[%emt 0:00:04]} 40. Kf1 {[%emt 0:00:08]} Qf2# {[%emt 0:00:37]} 0-1

[Event "23rd Hoogeveen Open 2019"]
[Site "Hoogeveen"]
[Date "2019.10.21"]
[Round "3.32"]
[White "Mijnster, Niels"]
[Black "Stock, Andreas"]
[Result "0-1"]
[WhiteElo "2145"]
[BlackElo "2076"]
[Annotator "RC"]
[PlyCount "66"]
[EventDate "2019.10.19"]
[EventType "swiss"]
[EventCountry "NED"]
[SourceTitle "playchess.com"]
[Source "ChessBase"]
[SourceQuality "1"]
[TimeControl "40/5400+30:1800+30"]

1. d4 {[%emt 0:00:00]} Nf6 {[%emt 0:00:00]} 2. c4 {[%emt 0:00:00]} c5 {[%emt 0:00:04]} 3. d5 {[%emt 0:00:00]} b5 {[%emt 0:00:17]} 4. cxb5 {[%emt 0:00:00]} a6 {[%emt 0:00:20]} 5. b6 {[%emt 0:02:57]} e6 {[%emt 0:05:13]} 6. Nc3 {[%emt 0:00:03]} exd5 {[%emt 0:06:55]} 7. Nxd5 {[%emt 0:00:10]} Nxd5 {[%emt 0:00:16]} 8. Qxd5 {[%emt 0:00:03]} Nc6 {[%emt 0:00:20]} 9. e4 {[%emt 0:00:28]} Be7 {[%emt 0:05:08]} 10. Bc4 {[%emt 0:00:08]} O-O {[%emt 0:00:07]} 11. Nf3 {[%emt 0:01:56]} Bb7 {[%emt 0:05:33]} 12. Qd2 {[%emt 0:01:45]} Qxb6 {[%emt 0:00:44]} 13. O-O {[%emt 0:01:41]} d6 {[%emt 0:07:33]} 14. Qf4 {[%emt 0:23:55]} Rad8 {[%emt 0:13:40]} 15. Rd1 {[%emt 0:29:13]} Bf6 {[%emt 0:05:56]} 16. Bd2 {[%emt 0:06:58]} Ne5 {[%emt 0:06:42]} 17. Nxe5 {[%emt 0:02:07]} dxe5 {[%emt 0:02:08]} 18. Qe3 {[%emt 0:08:31]} Rd4 {[%emt 0:02:40]} 19. Qb3 {[%emt 0:06:20]} Qxb3 {[%emt 0:05:00]} 20. Bxb3 {[%emt 0:00:02]} Rxe4 {[%emt 0:16:53]} 21. f3 {[%emt 0:05:13]} Rd4 {[%emt 0:07:11]} 22. Be3 {[%emt 0:00:55]} e4 {[%emt 0:01:37]} 23. fxe4 {[%emt 0:02:20]} Rxe4 {[%emt 0:03:19]} 24. Bxc5 {[%emt 0:00:37]} Bxb2 {[%emt 0:02:18]} 25. Bxf8 {[%emt 0:04:14]} Kxf8 {[%emt 0:00:25]} 26. Rd8+ {[%emt 0:00:22]} Ke7 {[%emt 0:00:11]} 27. Rad1 {[%emt 0:00:01]} Bc6 {[%emt 0:01:02]} 28. Rc8 {[%emt 0:00:37]} Bd7 {[%emt 0:01:31]} 29. Rc4 {[%emt 0:01:29]} f5 {[%emt 0:00:56]} 30. Kh1 {[%emt 0:01:28]} Bb5 {[%emt 0:00:20]} 31. Rc7+ {[%emt 0:00:56]} Kf6 {[%emt 0:00:08]} 32. Rd6+ {[%emt 0:00:39]} Kg5 {[%emt 0:00:37]} 33. Rxg7+ {[%emt 0:00:43]} Bxg7 {[%emt 0:00:00]} 0-1

[Event "23rd Hoogeveen Open 2019"]
[Site "Hoogeveen"]
[Date "2019.10.21"]
[Round "3.33"]
[White "Gijsen, William"]
[Black "Fehr, Axel"]
[Result "0-1"]
[WhiteElo "2091"]
[BlackElo "2045"]
[Annotator "NA RC"]
[PlyCount "112"]
[EventDate "2019.10.19"]
[EventType "swiss"]
[EventCountry "NED"]
[SourceTitle "playchess.com"]
[Source "ChessBase"]
[SourceQuality "1"]
[TimeControl "40/5400+30:1800+30"]

1. e4 {[%emt 0:00:00]} c5 {[%emt 0:00:00]} 2. Nf3 {[%emt 0:00:00]} d6 {[%emt 0:00:00]} 3. d4 {[%emt 0:00:00]} cxd4 {[%emt 0:00:00]} 4. Nxd4 {[%emt 0:00:00]} Nf6 {[%emt 0:00:00]} 5. Nc3 {[%emt 0:00:00]} a6 {[%emt 0:00:02]} 6. Be3 {[%emt 0:00:57]} e5 {[%emt 0:00:12]} 7. Nb3 {[%emt 0:00:06]} Be6 {[%emt 0:01:46]} 8. Qd2 {[%emt 0:01:52]} Nbd7 {[%emt 0:03:36]} 9. f3 {[%emt 0:00:20]} h5 {[%emt 0:00:55]} 10. Rg1 {[%emt 0:02:53] B90: Sicilian Najdorf: Unusual White 6th moves, 6 Be3 Ng4 and 6 Be3 e5} (10. O-O-O Be7 11. Bg5 b5 12. h4 Rc8 13. Kb1 O-O 14. a3 Re8 15. Be2 Qb6 16. Rhg1 Bf8 17. Nc1 Rc7 18. N1a2 Rec8 {0-1 (36) Inarkiev,E (2693)-Vidit,S (2707) Danzhou 2019}) 10... Rc8 {[%emt 0:05:02]} 11. O-O-O {[%emt 0:01:38]} Qc7 $146 {[%emt 0:06:01]} ({Predecessor:} 11... b5 12. Qf2 Rxc3 13. bxc3 Qc7 14. Kb2 Be7 15. Bd3 O-O 16. g4 Rc8 17. gxh5 d5 18. exd5 Nxd5 19. Qg3 Bf6 20. Bg5 Qxc3+ 21. Kc1 Nf4 22. Bxf4 exf4 23. Qxf4 Ne5 24. Nd4 Nxd3+ 25. Rxd3 Qxd3 {0-1 (25) Yeung,W (1717)-Peng,S (2297) Grapevine 2019}) 12. Kb1 {[%emt 0:02:35]} Nb6 {[%emt 0:08:31]} 13. Bg5 {[%emt 0:12:48]} Nbd7 {[%emt 0:06:32]} 14. Be2 {[%emt 0:05:39]} Be7 {[%emt 0:02:54]} 15. Rc1 {[%emt 0:04:58]} b5 {[%emt 0:06:17]} 16. Bxf6 {[%emt 0:00:34]} Bxf6 {[%emt 0:08:23]} 17. Bxb5 {[%emt 0:02:58]} axb5 {[%emt 0:06:46]} 18. Nxb5 {[%emt 0:00:13]} Qb6 {[%emt 0:00:36]} 19. Nxd6+ {[%emt 0:00:36]} Ke7 {[%emt 0:00:08]} 20. Nxc8+ {[%emt 0:00:23]} Rxc8 {[%emt 0:00:04]} 21. g4 {[%emt 0:01:39]} hxg4 {[%emt 0:00:24]} 22. fxg4 {[%emt 0:00:43]} g5 {[%emt 0:04:18]} 23. Rg3 {[%emt 0:07:42]} Qb7 {[%emt 0:02:49]} 24. Qe3 {[%emt 0:05:48]} Qa6 {[%emt 0:05:31]} (24... Kf8 $17) 25. Rg2 {[%emt 0:06:43]} Ke8 {[%emt 0:02:45]} 26. Rd1 {[%emt 0:06:08]} Ra8 {[%emt 0:05:03]} 27. a3 {[%emt 0:00:43]} Be7 {[%emt 0:08:27]} 28. Qc3 {[%emt 0:13:19]} Rc8 {[%emt 0:04:49]} 29. Qe3 {[%emt 0:05:00]} (29. Qh3 $15) 29... Qa4 {[%emt 0:05:02]} 30. Rd3 {[%emt 0:05:38]} Rc4 {[%emt 0:00:48]} 31. Rc3 {[%emt 0:02:54]} Rxc3 {[%emt 0:04:27]} 32. Qxc3 {[%emt 0:00:02]} Qxe4 {[%emt 0:00:20] Double Attack} 33. Rg1 {[%emt 0:00:37]} Kf8 {[%emt 0:01:02]} 34. h3 {[%emt 0:01:18]} Kg7 {[%emt 0:00:12]} 35. Rd1 {[%emt 0:00:31]} Qe2 {[%emt 0:00:41]} 36. Rd3 {[%emt 0:01:27]} (36. Re1 $5 {[%cal Re1e2]} Qb5 37. Rd1 $15) 36... Qf1+ {[%emt 0:00:20]} 37. Nc1 {[%emt 0:00:49]} Bf6 {[%emt 0:00:21]} ({Black should play} 37... Qg1 $15) 38. Rf3 $11 {[%emt 0:01:16] and White has nothing to worry.} Qd1 {[%emt 0:00:28]} (38... Qb5 39. Qb4) 39. Rd3 {[%emt 0:00:59]} Qf1 {[%emt 0:00:15]} 40. Qc7 $2 {[%emt 0:01:17]} e4 {[%emt 0:02:49]} 41. Re3 {[%emt 0:10:29]} Be5 {[%emt 0:04:21]} (41... Ne5 $19 {and Black stays clearly on top.} 42. Rxe4 Nc4 {[%mdl 64] Discovered Attack} 43. Rxc4 Bxc4) 42. Qa5 {[%emt 0:00:44]} Qf4 {[%emt 0:06:52]} 43. Qe1 {[%emt 0:01:56]} Nf6 {[%emt 0:03:24]} 44. c3 {[%emt 0:00:57]} Bc7 {[%emt 0:00:26]} 45. Na2 {[%emt 0:04:02]} Bb6 {[%emt 0:00:24]} 46. Re2 {[%emt 0:00:56]} Bc4 {[%emt 0:00:19]} 47. Nc1 {[%emt 0:02:24]} Bxe2 {[%emt 0:00:57]} 48. Nxe2 {[%emt 0:00:17]} Qe3 {[%emt 0:00:35]} 49. Qd1 {[%emt 0:04:30]} Qxh3 {[%emt 0:01:37]} 50. b4 {[%emt 0:01:16]} Qxg4 {[%emt 0:00:50]} 51. c4 {[%emt 0:00:47]} Qf3 {[%emt 0:02:04]} 52. c5 {[%emt 0:01:58]} Bc7 {[%emt 0:00:23]} 53. Ka2 {[%emt 0:01:22]} g4 $19 {[%emt 0:01:36]} 54. b5 {[%emt 0:00:38]} Qd3 {[%emt 0:00:45]} 55. Nc3 {[%emt 0:04:32]} Qxc3 {[%emt 0:02:00]} 56. b6 {[%emt 0:00:19]} Be5 {[%emt 0:00:45]} 0-1